Utak Veres "kegyelmes" úrral
Elmentve itt :
| Szerző: | |
|---|---|
| Adatforrás: | Meister |
| Forrásdokumentuma: | Korunk. - 12 sz., 1992, 44-48 p. |
| Nyelv: | magyar |
| Kulcsszavak: | oral-history VERES Péter CSERES Tibor |
| LEADER | 00372nab a2200145 i 4500 | ||
|---|---|---|---|
| 001 | bibPRO00002319 | ||
| 008 | 060524s1992 xx hun | ||
| 040 | |a Sz1 | ||
| 041 | |a hun | ||
| 100 | 1 | |a CSERES Tibor | |
| 245 | 1 | 0 | |a Utak Veres "kegyelmes" úrral |c CSERES Tibor |
| 695 | |a oral-history | ||
| 695 | |a VERES Péter | ||
| 695 | |a CSERES Tibor | ||
| 773 | 0 | |t Korunk. - |g 12 sz., 1992, 44-48 p. | |